Focus 1: careers (Record no. 74544)
[ view plain ]
| 000 -LEADER | |
|---|---|
| fixed length control field | 01108cab a2200217 4500 |
| 001 - CONTROL NUMBER | |
| control field | ABS68288 |
| 008 - FIXED-LENGTH DATA ELEMENTS--GENERAL INFORMATION | |
| fixed length control field | 040923n2004 000 0 eng u |
| 035 ## - SYSTEM CONTROL NUMBER | |
| System control number | (Sirsi) u127507 |
| 100 ## - MAIN ENTRY--PERSONAL NAME | |
| Personal name | Higginbottom, K. |
| 245 ## - TITLE STATEMENT | |
| Title | Focus 1: careers |
| 260 ## - PUBLICATION, DISTRIBUTION, ETC. | |
| Date of publication, distribution, etc. | 2004 |
| 490 ## - SERIES STATEMENT | |
| Series statement | Estates Gazette |
| Volume/sequential designation | (0437) 11 September 2004, 83-97(7) |
| 520 ## - SUMMARY, ETC. | |
| Summary, etc. | A series of articles looking at career issues. "Back to issues" advises companies on retaining key staff such as investing in staff training, ensuring that senior managers are equipped with the skills to ensure they fulfil their potential and developing good relationships between employer and employees. "Your name on the door" recalls experiences of three chartered surveyors who have set up on their own in practice. "Secrets of sector agents" interviews three chartered surveyors who have established themselves as leading players in their own market sectors. |
| 590 ## - LOCAL NOTE (RLIN) | |
| Local note | ABS |
| 650 ## - SUBJECT ADDED ENTRY--TOPICAL TERM | |
| Topical term or geographic name entry element | SKILLS |
| 650 ## - SUBJECT ADDED ENTRY--TOPICAL TERM | |
| Topical term or geographic name entry element | STAFF TRAINING |
| 650 ## - SUBJECT ADDED ENTRY--TOPICAL TERM | |
| Topical term or geographic name entry element | SETTING UP IN PRACTICE |
| 650 ## - SUBJECT ADDED ENTRY--TOPICAL TERM | |
| Topical term or geographic name entry element | SOLE PRACTIONERS |
| 690 ## - LOCAL SUBJECT ADDED ENTRY--TOPICAL TERM (OCLC, RLIN) | |
| Topical term or geographic name as entry element | TRAINING AND CAREER DEVELOPMENT |
| 942 ## - ADDED ENTRY ELEMENTS (KOHA) | |
| Suppress in OPAC | 0 |
| Withdrawn status | Lost status | Source of classification or shelving scheme | Damaged status | Not for loan | Home library | Current library | Shelving location | Date acquired | Total Checkouts | Full call number | Barcode | Date last seen | Copy number | Price effective from | Koha item type |
|---|---|---|---|---|---|---|---|---|---|---|---|---|---|---|---|
| Dewey Decimal Classification | London | London | Journal article | 23/09/2004 | ABS68288 | 127507-1001 | 06/08/2019 | 1 | 06/08/2019 | Journal article |